Introduction to visual computing : (Record no. 28414)

MARC details
000 -LEADER
fixed length control field 01205cam a22003135i 4500
001 - CONTROL NUMBER
control field 19788596
003 - CONTROL NUMBER IDENTIFIER
control field EG-ScBUE
005 - DATE AND TIME OF LATEST TRANSACTION
control field 20200805115504.0
008 - FIXED-LENGTH DATA ELEMENTS--GENERAL INFORMATION
fixed length control field 170715t20182018flua f b 001 0 eng d
020 ## - INTERNATIONAL STANDARD BOOK NUMBER
International Standard Book Number 9781482244915 (hardback : alk. paper)
040 ## - CATALOGING SOURCE
Original cataloging agency DLC
Language of cataloging eng
Description conventions rda
Transcribing agency DLC
Modifying agency DLC
-- EG-ScBUE
082 04 - DEWEY DECIMAL CLASSIFICATION NUMBER
Classification number 006.6
Item number MAJ
Edition number 22
100 1# - MAIN ENTRY--PERSONAL NAME
Personal name Majumder, Aditi,
Relator term author.
245 10 - TITLE STATEMENT
Title Introduction to visual computing :
Remainder of title core concepts in computer vision, graphics, and image processing /
Statement of responsibility, etc Aditi Majumder, University of California, Irvine, USA, M. Gopi, University of California, Irvine, USA.
264 #1 - PUBLICATION, DISTRIBUTION, ETC. (IMPRINT)
Place of publication, distribution, etc Boca Raton, FL :
Name of publisher, distributor, etc CRC Press / Taylor & Francis Group,
Date of publication, distribution, etc [2018]
264 #4 - PUBLICATION, DISTRIBUTION, ETC. (IMPRINT)
Date of publication, distribution, etc c2018
300 ## - PHYSICAL DESCRIPTION
Extent xvi, 376 pages :
Other physical details illustrations ;
Dimensions 24 cm
336 ## - CONTENT TYPE
Content type term text
Content type code txt
Source rdacontent
337 ## - MEDIA TYPE
Media type term unmediated
Media type code n
Source rdamedia
338 ## - CARRIER TYPE
Carrier type term volume
Carrier type code nc
Source rdacarrier
504 ## - BIBLIOGRAPHY, ETC. NOTE
Bibliography, etc Includes bibliographical references and index.
650 #7 - SUBJECT ADDED ENTRY--TOPICAL TERM
Topical term or geographic name as entry element Visual programming (Computer science)
Source of heading or term BUEsh
650 #7 - SUBJECT ADDED ENTRY--TOPICAL TERM
Topical term or geographic name as entry element Computer graphics.
Source of heading or term BUEsh
650 #7 - SUBJECT ADDED ENTRY--TOPICAL TERM
Topical term or geographic name as entry element Image processing
General subdivision Digital techniques.
Source of heading or term BUEsh
653 ## - INDEX TERM--UNCONTROLLED
Resource For college Informatics and Computer Science
Arrived date list July2020
655 ## - INDEX TERM--GENRE/FORM
Form subdivision Text book
9 (RLIN) 33728
700 1# - ADDED ENTRY--PERSONAL NAME
Personal name Gopi, M.,
Relator term author.
942 ## - ADDED ENTRY ELEMENTS (KOHA)
Source of classification or shelving scheme Dewey Decimal Classification
Koha item type Book - Borrowing
Holdings
Withdrawn status Lost status Source of classification or shelving scheme Damaged status Not for loan Collection code Home library Current library Shelving location Date acquired Source of acquisition Total Checkouts Full call number Barcode Date last seen Price effective from Koha item type Date checked out
    Dewey Decimal Classification     Baccah Central Library Central Library Lower Floor 05/07/2020 Purchase   006.6 MAJ 000049207 15/07/2025 05/07/2020 NB - Book (Non borrowing)  
    Dewey Decimal Classification     Baccah Central Library Central Library Lower Floor 05/07/2020 Purchase   006.6 MAJ 000049208 15/07/2025 05/07/2020 NB - Book (Non borrowing)  
    Dewey Decimal Classification     Baccah Central Library Central Library Lower Floor 05/07/2020 Purchase   006.6 MAJ 000049209 15/07/2025 05/07/2020 Book - Borrowing  
    Dewey Decimal Classification     Baccah Central Library Central Library Lower Floor 05/07/2020 Purchase   006.6 MAJ 000049210 15/07/2025 05/07/2020 Book - Borrowing  
    Dewey Decimal Classification     Baccah Central Library Central Library Lower Floor 05/07/2020 Purchase 1 006.6 MAJ 000049211 15/07/2025 05/07/2020 Book - Borrowing 27/04/2022